Bài tập thực hành Wildform FX và Flash MX

में बचाया:
ग्रंथसूची विवरण
मुख्य लेखक: Phạm, Quang Huy
स्वरूप: पुस्तक
भाषा:Undetermined
प्रकाशित: Hà Nội Thống Kê 2003
विषय:
टैग : टैग जोड़ें
कोई टैग नहीं, इस रिकॉर्ड को टैग करने वाले पहले व्यक्ति बनें!
Thư viện lưu trữ: Trung tâm Học liệu Trường Đại học Cần Thơ
LEADER 00591nam a2200193Ia 4500
001 CTU_74529
008 210402s9999 xx 000 0 und d
020 |c 55000 
082 |a 006.68 
082 |b H523 
100 |a Phạm, Quang Huy 
245 0 |a Bài tập thực hành Wildform FX và Flash MX 
245 0 |c Phạm Quang Huy 
260 |a Hà Nội 
260 |b Thống Kê 
260 |c 2003 
650 |a Computer graphics,Wildform fx ( computer programs ),Flash mx ( computer programs ) 
904 |i Minh 
980 |a Trung tâm Học liệu Trường Đại học Cần Thơ